| 000 | 00475cam a2200157 4500500 | ||
|---|---|---|---|
| 005 | 20260322014647.0 | ||
| 041 | _afre | ||
| 042 | _adc | ||
| 100 | 1 | 0 |
_aVignes, Jean _eauthor |
| 700 | 1 | 0 |
_aAlt, René _eauthor |
| 245 | 0 | 0 | _aValidation of scientific software results |
| 260 | _c2026. | ||
| 500 | _a68 | ||
| 786 | 0 | _nMathematics | - | 2026-03-04 | p. 5-5 | |
| 856 | 4 | 1 | _uhttps://stm.cairn.info/numerical-methods--bdti42105210-af1471-page-5?lang=en&redirect-ssocas=7080 |
| 999 |
_c1790883 _d1790883 |
||